LEADER 01534cam0-22003611i-450 001 990001857920403321 005 20200317103414.0 035 $a000185792 035 $aFED01000185792 035 $a(Aleph)000185792FED01 035 $a000185792 100 $a20030910d1832----kmuy0itay50------ba 101 0 $aita 102 $aIT 105 $aaf------001yy 200 1 $aIstruzione su la coltura della vite e su la manifattura del vino col metodo della fermentazione in vasi aperti ed in vasi chiusi compilata per uso dei professori di vigneti del Regno delle due Sicilie$fLuigi Granata, Francesco Scapato 210 $aNapoli$cTip. del Tasso$d1832 215 $a78 p., 2 c. di tav.$cill.$d23 cm 300 $aI nomi degli A. sono stati ricavati dalla: Biblioteca agraria ..., vol.XXIV 316 $aLegato con: Discorso su la geologia, le produzioni, e la economia rustica del monte Ermio$5ITNA0274: 094.3 B 13/4 610 0 $aViticoltura 610 0 $aAgricoltura$aStoria 676 $a634.8$v22$zita 700 1$aGranata,$bLuigi$0352752 701 1$aScarpati,$bFrancesco Saverio$0332877 801 0$aIT$bUNINA$gRICA$2UNIMARC 901 $aAQ 912 $a990001857920403321 952 $a60 634 B 37/5$b700$fFAGBC 952 $a60 094.3 B 13/4$b704$fFAGBC 959 $aFAGBC 996 $aIstruzione su la coltura della vite e su la manifattura del vino col metodo della fermentazione in vasi aperti ed in vasi chiusi compilata per uso dei professori di vigneti del Regno delle due Sicilie$9414171 997 $aUNINA LEADER 01891nam0 2200385 i 450 001 CFI0308777 005 20251003044139.0 010 $a8814055769 020 $aIT$b96-1540 100 $a20130827d1996 ||||0itac50 ba 101 | $aita 102 $ait 181 1$6z01$ai $bxxxe 182 1$6z01$an 200 1 $aˆIl ‰segreto bancario$enorme civili, penali e fiscali$egli obblighi dellebanche, limiti al dovere della riservatezza, gli illeciti tributari, antiriciclaggio, normativa vigente, orientamenti giurisprudenziali, formulario /Enrico Gianfelici 210 $aMilano$cGiuffrè$d[1996! 215 $aXXIII, 337 p.$d24 cm 225 | $aCosa & come$i. Banca e borsa 300 $aSegue: Appendice. 410 0$1001CFI0308782$12001 $aCosa & come$i. Banca e borsa 606 $aSegreto bancario$xLegislazione$2FIR$3CFIC008224$9I 676 $a346$9Diritto privato$v12 676 $a346.08$9$v21 676 $a346.45082$9BANCHE E ATTIVITA BANCARIE. ITALIA$v20 676 $a346.45082$9DIRITTO IN MATERIA DI ATTIVITA BANCARIE E ASSICURAZIONI. ITALIA$v21 700 1$aGianfelici$b, Enrico$3CFIV036562$4070$0114355 801 3$aIT$bIT-000000$c20130827 850 $aIT-BN0095 $aIT-NA0079 901 $bNAP BN$cS.MOD $nLa consegna dei documenti è effettuata dall'Ufficio Distribuzione 901 $bNAP 01$cPOZZO LIB.$nVi sono collocati fondi di economia, periodici di ingegneria e scienze, periodici di economia e statistica e altri fondi comprendenti documenti di economia pervenuti in dono. 912 $aCFI0308777 950 0$aBiblioteca Centralizzata di Ateneo$b1 v.$c1 v.$d 01POZZO LIB.ECON MON 9203$e 0101 0000095385E VMA 1 v. (precedente collocazione: GUERRAZZI B 817)$fB $h20080115$i20080115 977 $a 01$a BN 996 $aSegreto bancario$963373 997 $aUNISANNIO LEADER 02766nam2 22005893i 450 001 VAN00290445 005 20260320010017.339 017 70$2N$a9783662067932 100 $a20250401d1993 |0itac50 ba 101 $aeng 102 $aDE 105 $a|||| ||||| 181 $ai$b e 182 $ab 183 $acr 200 1 $aˆ8: ‰Singularity theory 2. : applications$fV. I. Arnold (Ed.) 210 $aBerlin$aHeidelberg$cSpringer$d1993 215 $a235 p.$cill.$d24 cm 300 $aTraduzione dal russo 410 1$1001VAN00024175$12001 $aEncyclopaedia of mathematical sciences$feditor in chief: R. V. Gamkrelidze$1210 $aBerlin [etc.]$cSpringer$v39 461 1$1001VAN00286767$12001 $aDynamical systems$1210 $aBerlin$cSpringer-Verlag$1215 $avolumi$cill.$d24 cm$1300 $aI curatori variano$v8 500 1$3VAN00303685$aDinamicheskie sistemy 8$959435 606 $a32-XX$xSeveral complex variables and analytic spaces [MSC 2020]$3VANC024999$2MF 606 $a32Sxx$xComplex singularities [MSC 2020]$3VANC023292$2MF 606 $a58-XX$xGlobal analysis, analysis on manifolds [MSC 2020]$3VANC019758$2MF 606 $a58C25$xDifferentiable maps on manifolds [MSC 2020]$3VANC023291$2MF 606 $a58Kxx$xTheory of singularities and catastrophe theory [MSC 2020]$3VANC021661$2MF 610 $aBifurcation sets$9KW:K 610 $aGeneralized Picard-Lefschetz theory$9KW:K 610 $aManifolds$9KW:K 610 $aMaximum$9KW:K 610 $aMaxwell manifolds$9KW:K 610 $aSingularities of boundaries of differential equations$9KW:K 610 $aSingularities of functions and maps$9KW:K 610 $aSingularity$9KW:K 620 $dBerlin$3VANL000066 620 $aDE$dHeidelberg$3VANL000282 702 1$aArnold$bVladimir I.$3VANV013237$4340 712 $aSpringer $3VANV108073$4650 790 1$aArnold, V.I.$zArnold, Vladimir I.$3VANV030548 790 1$aArnold, Vladimir Igorevic$zArnold, Vladimir I.$3VANV040693 790 1$aArnold, Vladimir Igorevich$zArnold, Vladimir I.$3VANV039007 790 1$aArnol'd, Vladimir I.$zArnold, Vladimir I.$3VANV241534 790 1$aArnol'd, Vladimir Igorevic$zArnold, Vladimir I.$3VANV241535 801 $aIT$bSOL$c20260327$gRICA 856 4 $uhttps://doi.org/10.1007/978-3-662-06798-7$zE-book ? Accesso al full-text attraverso riconoscimento IP di Ateneo, proxy e/o Shibboleth 899 $aBIBLIOTECA DEL DIPARTIMENTO DI MATEMATICA E FISICA$1IT-CE0120$2VAN08 912 $fN 912 $aVAN00290445 950 $aBIBLIOTECA DEL DIPARTIMENTO DI MATEMATICA E FISICA$d08DLOAD e-Book 11312 $e08eMF11312 20250528 996 $aDinamicheskie sistemy 8$959435 997 $aUNICAMPANIA